000 02156nam0a2200421 4500
001 RU\NLR\bibl\1336199
005 20260503060608.0
010 _a978-5-7882-0500-7
_9100
021 _aRU
_b2008-108021
_96374
035 _a(nilc)EL/0000226984
035 _aRU\LSL\Books\2519624
035 _aRU\LSL\Books\2530026
035 _a(NLR Aleph) 001321393
090 _a742194
_c742194
100 _a20081117d2007 |||y0rusy50 ca
101 0 _arus
102 _aRU
105 _aa |||||||||
200 1 _aМоделирование взаимовлияющих процессов химического превращения и теплообмена при синтезе каучука СКДК
_eмонография
_fГ. А. Аминова, Г. В. Мануйко, Г. С. Дьяконов
_gФедер. агентство по образованию, Гос. образоват. учреждение высш. проф. образования "Казан. гос. технол. ун-т"
210 _aКазань
_cКГТУ
_d2007
215 _a191 с.
_cил.
_d20
313 _aкаталитич. синтез дивинилового каучука
320 _aБиблиогр. в конце гл.
606 1 _aКаучук дивиниловый
_xСинтез каталитический
_xМатематическое моделирование
_92544508
_3RU\NLR\auth\661506127
686 _aЛ721
_vLBC/SL
_2rubbk
686 _a61
_2rugasnti
686 _aЛ725.2-1с116
700 1 _aАминова
_bГ. А.
_gГюзель Абдул-Бариевна
_4070
701 1 _aМануйко
_bГ. В.
_4070
701 1 _4070
_aДьяконов
_bГ. С.
_cд-р хим. наук, канд. техн. наук
_gГерман Сергеевич
_9133073
_3RU\NLR\AUTH\770133107
712 0 2 _aКазанский государственный технологический университет
_4570
801 0 _aRU
_bНБ Казанского ГУ
_c20030620
_gRCR
801 1 _aRU
_bНБ Казанского ГУ
_c20081117
_gRCR
801 2 _aRU
_bNLR
_c20090304
_grcr
942 _cBOOK
980 _aNB